01417nam a2200337 a 4500001001200000003000800012006001900020007001500039008004100054010001700095020002800112040002100140035002100161050002300182082001500205100002800220245014000248260006400388300001600452490006200468504006600530533015200596650003400748650003100782650002600813655002900839710001700868830005100885856012600936999001701062ebr10046620CaPaEBRm u cr cn|||||||||030801s2003 ne sb 001 0 eng  z 2003045121 z1588114333 (alk. paper) aCaPaEBRcCaPaEBR a(OCoLC)22703814914aPA355b.L87 2003eb04a485/.72221 aLuraghi, Silvia,d1958-10aOn the meaning of prepositions and casesh[electronic resource] :bthe expression of semantic roles in ancient Greek /cSilvia Luraghi. aAmsterdam ;aPhiladelphia :bJ. Benjamins Pub. Co.,cc2003. axii, 363 p.1 aStudies in language companion series,x0165-7763 ;vv. 67 aIncludes bibliographical references (p. [351]-358) and index. aElectronic reproduction.bPalo Alto, Calif. :cebrary,d2013.nAvailable via World Wide Web.nAccess may be limited to ebrary affiliated libraries. 0aGreek languagexPrepositions. 0aGreek languagexSemantics. 0aGreek languagexCase. 7aElectronic books.2local2 aebrary, Inc. 0aStudies in language companion series ;vv. 67.40uhttp://site.ebrary.com/lib/rucke/Doc?id=10046620zAn electronic book accessible through the World Wide Web; click to view c74443d74443